Jack Brand Limited v Prior Associates Limited and another (Record no. 49901)
[ view plain ]
| 000 -LEADER | |
|---|---|
| fixed length control field | 00802cab a2200181 4500 |
| 001 - CONTROL NUMBER | |
| control field | X84975 |
| 008 - FIXED-LENGTH DATA ELEMENTS--GENERAL INFORMATION | |
| fixed length control field | 090401t1997 xxu||||| |||| 00| 0 eng d |
| 035 ## - SYSTEM CONTROL NUMBER | |
| System control number | (Sirsi) u79392 |
| 041 ## - LANGUAGE CODE | |
| Language code of text/sound track or separate title | eng |
| 245 ## - TITLE STATEMENT | |
| Title | Jack Brand Limited v Prior Associates Limited and another |
| 260 ## - PUBLICATION, DISTRIBUTION, ETC. | |
| Date of publication, distribution, etc. | 1997 |
| 350 ## - PRICE (NR) (BK AM CF MU VM SE) [OBSOLETE] | |
| Price | 0 |
| 490 ## - SERIES STATEMENT | |
| Series statement | Construction Law Journal |
| Volume/sequential designation | [1997] 13 Const.L.J. 271-275(5) |
| 520 ## - SUMMARY, ETC. | |
| Summary, etc. | ORB 6 January 1997. Practice and procedure - settlement - damages - costs - RSC Order 16, rule 10 - acceptance of third party contribution offer by defendant - order sought in terms of contribution offer - whether settlement in main action reasonable - whether main action ought to have been compromised at an earlier stage. |
| 690 ## - LOCAL SUBJECT ADDED ENTRY--TOPICAL TERM (OCLC, RLIN) | |
| Topical term or geographic name as entry element | BUILDING AND CONSTRUCTION-CASE LAW |
| 942 ## - ADDED ENTRY ELEMENTS (KOHA) | |
| Suppress in OPAC | 0 |
| 948 ## - LOCAL PROCESSING INFORMATION (OCLC); SERIES PART DESIGNATOR (RLIN) | |
| c (OCLC) | 02/07/1997 |
| Withdrawn status | Lost status | Source of classification or shelving scheme | Damaged status | Not for loan | Home library | Current library | Shelving location | Date acquired | Total Checkouts | Full call number | Barcode | Date last seen | Copy number | Price effective from | Koha item type |
|---|---|---|---|---|---|---|---|---|---|---|---|---|---|---|---|
| Dewey Decimal Classification | London | London | Journal article | 14/09/1999 | X84975 | 79392-1001 | 06/08/2019 | 1 | 06/08/2019 | Law report |